|
|
|
|
| LEADER |
00822cam a2200229 7i4500 |
| 001 |
0000017357 |
| 005 |
20221021090000.0 |
| 008 |
070828 eng |
| 020 |
|
|
|a 0805394354
|
| 020 |
|
|
|a 9780805394351
|
| 040 |
|
|
|a DLC
|
| 090 |
0 |
0 |
|a TX354
|b .T45 2008
|
| 100 |
1 |
|
|a Thompson, Janice L.,
|d 1962-
|
| 245 |
1 |
4 |
|a The science of nutrition
|c Janice L. Thompson, Melinda M. Manore, Linda A. Vaughan.
|
| 260 |
|
|
|a San Francisco:
|b Pearson Benjamin Cummings,
|c 2008.
|
| 300 |
|
|
|a xxxvii, 863, [199] p.:
|b ill. (chiefly col.);
|c 29 cm.
|
| 500 |
|
|
|a Includes index
|
| 650 |
0 |
0 |
|a Nutrition
|
| 700 |
1 |
|
|a Vaughn, Linda A
|
| 700 |
1 |
|
|a Manore, Melinda(
|d 1951-)
|
| 997 |
|
|
|a Engineering & Life Sciences, Faculty
|b Science & Biotechnology, Department
|
| 999 |
|
|
|a 0000028617
|b BOK
|c OPEN SHELF
|e 2nd Floor, Bestari Jaya
|